[Event "I Torneo Internazionale A"]
[Site "Bergamo ITA"]
[Date "2009.03.13"]
[Round "1"]
[White "Cruz Lledo, Pablo"]
[Black "Massironi, Marco"]
[Result "0-1"]
[WhiteElo "2082"]
[BlackElo "2182"]
[PlyCount "78"]
[EventDate "2009.03.13"]

1. d4 d5 2. c4 c6 3. Nf3 Nf6 4. e3 Bg4 5. Qb3 Qb6 6. Ne5 Bf5 7. Nc3 e6 8. c5
Qc7 9. Qa3 Nfd7 10. f4 Nxe5 11. fxe5 Be7 12. Be2 O-O 13. Bd2 Nd7 14. b4 f6 15.
exf6 Bxf6 16. O-O Bg6 17. Bg4 e5 18. Ne2 Rfe8 19. Rae1 a6 20. Bc3 Bg5 21. Bb2
exd4 22. Nxd4 Nf6 23. Bh3 Bh4 24. Rc1 Ne4 25. Ne6 Rxe6 26. Bxe6+ Kh8 27. Rf4
Bg5 28. Rcf1 Qe7 29. Bf7 Bxf4 30. Bxg6 Bxh2+ 31. Kxh2 Qh4+ 32. Kg1 Ng3 33. Rf3
hxg6 34. Bc3 Qh1+ 35. Kf2 Ne4+ 36. Ke2 Qxg2+ 37. Kd3 Qxf3 38. Qc1 Nxc3 39. Kxc3
d4+ 0-1

[Event "I Torneo Internazionale A"]
[Site "Bergamo ITA"]
[Date "2009.03.13"]
[Round "1"]
[White "De Palma, Fabrizio"]
[Black "Sorcinelli, Francesco"]
[Result "0-1"]
[WhiteElo "2017"]
[BlackElo "2116"]
[PlyCount "106"]
[EventDate "2009.03.13"]

1. d4 Nf6 2. Nf3 c5 3. e3 g6 4. Bd3 Bg7 5. O-O O-O 6. Nbd2 b6 7. c4 cxd4 8.
exd4 d5 9. b3 Nc6 10. Bb2 Bb7 11. Rc1 Nh5 12. Ne5 Nf4 13. Nxc6 Bxc6 14. Nf3
Nxd3 15. Qxd3 dxc4 16. bxc4 e5 17. d5 Re8 18. Qb3 Bb7 19. Rfd1 Rc8 20. c5 bxc5
21. Qxb7 Rb8 22. Qxa7 Rxb2 23. Qxc5 e4 24. Nd4 e3 25. fxe3 Qh4 26. Nc2 Be5 27.
h3 Qg3 28. d6 Rd8 29. d7 Qh2+ 30. Kf1 Bg3 31. Qd5 Rb6 32. Ke2 Rd6 33. Qe4 Re6
34. Qf3 Bh4 35. Qg4 Bg3 36. Ne1 Bf4 37. Qxe6 fxe6 38. exf4 Kf7 39. Rc8 Ke7 40.
Rxd8 Kxd8 41. Kf2 Qxf4+ 42. Nf3 e5 43. g3 Qf5 44. Rd5 Qc2+ 45. Rd2 Qc5+ 46. Kg2
e4 47. Nh4 Qh5 48. Kf2 g5 49. Ng2 Qf3+ 50. Kg1 e3 51. Rd3 Qf2+ 52. Kh2 e2 53.
Re3 Qxe3 0-1

[Event "I Torneo Internazionale A"]
[Site "Bergamo ITA"]
[Date "2009.03.13"]
[Round "1"]
[White "Genocchio, Daniele"]
[Black "Palac, Mladen"]
[Result "1-0"]
[WhiteElo "2440"]
[BlackElo "2553"]
[PlyCount "69"]
[EventDate "2009.03.13"]

1. Nc3 c5 2. Nf3 d6 3. g3 e5 4. Bg2 Nc6 5. O-O Bg4 6. h3 Be6 7. d3 h6 8. e3 Qd7
9. Kh2 d5 10. e4 d4 11. Nd5 Nge7 12. c4 dxc3 13. bxc3 Nxd5 14. exd5 Bxd5 15.
Rb1 Bd6 16. c4 Be6 17. Re1 O-O 18. Bb2 f6 19. d4 Bf5 20. dxe5 fxe5 21. Nxe5
Nxe5 22. Bxe5 Bxb1 23. Bxd6 Rfd8 24. Bd5+ Kh8 25. Bxc5 Bxa2 26. Qa1 Bxc4 27.
Bxc4 Re8 28. Rd1 Qc7 29. Rd6 Kh7 30. Qb1+ Kh8 31. Qb2 Kh7 32. Qc2+ Kh8 33. Qc3
Kh7 34. Bd3+ Kg8 35. Qc4+ 1-0

[Event "I Torneo Internazionale A"]
[Site "Bergamo ITA"]
[Date "2009.03.13"]
[Round "1"]
[White "Gerola, Fausto"]
[Black "Stella, Andrea"]
[Result "0-1"]
[WhiteElo "2206"]
[BlackElo "2273"]
[PlyCount "84"]
[EventDate "2009.03.13"]

1. e4 c5 2. Nf3 d6 3. d4 cxd4 4. Nxd4 Nf6 5. Nc3 g6 6. Bc4 Bg7 7. f3 O-O 8. Be3
Nc6 9. Qd2 Bd7 10. O-O-O Rb8 11. h4 b5 12. Bd5 Ne5 13. Bb3 Nc4 14. Bxc4 bxc4
15. Bh6 Qb6 16. b3 cxb3 17. axb3 Bxh6 18. Qxh6 Rfc8 19. Nde2 Bb5 20. Nxb5 Qxb5
21. Nd4 Qa5 22. Kb1 Qc5 23. Qd2 a5 24. Kb2 a4 25. Ra1 e5 26. Rxa4 exd4 27. Rxd4
Ra8 28. Ra1 Rxa1 29. Kxa1 Qxc2 30. Qxc2 Rxc2 31. Rxd6 Ne8 32. Rd8 Kf8 33. g4
Rc3 34. Kb2 Rxf3 35. b4 Ke7 36. Ra8 Nd6 37. Kc2 Re3 38. h5 Rxe4 39. hxg6 hxg6
40. Kc3 Rxg4 41. Rb8 Rc4+ 42. Kb3 Rc8 0-1

[Event "I Torneo Internazionale A"]
[Site "Bergamo ITA"]
[Date "2009.03.13"]
[Round "1"]
[White "Kalajzic, Ivan"]
[Black "Corvi, Marco"]
[Result "1/2-1/2"]
[WhiteElo "2224"]
[BlackElo "2319"]
[PlyCount "165"]
[EventDate "2009.03.13"]

1. b3 e5 2. Bb2 d6 3. e3 Nc6 4. Bb5 a6 5. Bxc6+ bxc6 6. f4 exf4 7. exf4 Qh4+ 8.
g3 Qe7+ 9. Qe2 Bf5 10. d3 Kd7 11. Nd2 Re8 12. Qxe7+ Rxe7+ 13. Kf2 h5 14. Ngf3
Nh6 15. h3 Kd8 16. Nh4 Bd7 17. Ndf3 Re8 18. Rae1 Rxe1 19. Kxe1 Rg8 20. Kf2 Be7
21. Kg2 Nf5 22. Nxf5 Bxf5 23. Re1 Bd7 24. Ng5 Be8 25. g4 hxg4 26. hxg4 c5 27.
Kg3 Bf6 28. Bxf6+ gxf6 29. Nh7 Rg6 30. g5 fxg5 31. fxg5 Re6 32. Rf1 Ke7 33. Rf2
Bc6 34. Nf6 Re3+ 35. Kf4 Re1 36. a4 Ke6 37. Ng4 Ke7 38. Nh6 Bd7 39. Ng4 Kf8 40.
Nf6 Bc6 41. Rh2 Rh1 42. Rf2 Kg7 43. Ng4 Kg6 44. Ne3 Rh4+ 45. Kg3 Rh7 46. Kf4
Bd7 47. Ng2 Be6 48. Rf3 Bd5 49. Rg3 Bxg2 50. Rxg2 Rh5 51. c3 a5 52. Rg4 c6 53.
Rg3 Rh4+ 54. Ke3 Rh5 55. Kf4 Rh1 56. d4 Rf1+ 57. Ke4 Rf5 58. dxc5 Rxc5 59. Kd4
Rf5 60. Rg4 Rd5+ 61. Kc4 Rc5+ 62. Kd3 Rd5+ 63. Kc2 c5 64. b4 cxb4 65. cxb4 axb4
66. Rxb4 Rxg5 67. Rd4 d5 68. a5 Kf6 69. a6 Ke5 70. a7 Rg2+ 71. Kb3 Rg8 72. Rb4
Ra8 73. Rb7 f5 74. Kc3 f4 75. Kd3 d4 76. Rb5+ Kf6 77. Ra5 f3 78. Kxd4 f2 79.
Ra1 Rxa7 80. Rf1 Ra2 81. Ke3 Ke5 82. Rxf2 Ra3+ 83. Ke2 1/2-1/2

[Event "I Torneo Internazionale A"]
[Site "Bergamo ITA"]
[Date "2009.03.13"]
[Round "1"]
[White "Matseyko, Katerina"]
[Black "Seps, Monika"]
[Result "1-0"]
[WhiteElo "2268"]
[BlackElo "2197"]
[PlyCount "69"]
[EventDate "2009.03.13"]

1. e4 c5 2. Nc3 d6 3. g3 Nc6 4. Bg2 g6 5. d3 Bg7 6. f4 e6 7. Nf3 Nge7 8. O-O
O-O 9. Be3 Rb8 10. Bf2 Nd4 11. Nxd4 cxd4 12. Ne2 e5 13. c3 dxc3 14. Nxc3 Qa5
15. d4 exf4 16. gxf4 d5 17. e5 Be6 18. a3 Nf5 19. b4 Qd8 20. Qf3 Bh6 21. Nxd5
Bxd5 22. Qxd5 Qxd5 23. Bxd5 Bxf4 24. e6 fxe6 25. Bxe6+ Kg7 26. Rae1 Bd2 27. Re2
Bc3 28. Rd1 a5 29. b5 Rfe8 30. Kf1 Nd6 31. Bg3 Rbd8 32. Rd3 Nxb5 33. Be5+ Kf8
34. Rf3+ Ke7 35. Bc4 1-0

[Event "I Torneo Internazionale A"]
[Site "Bergamo ITA"]
[Date "2009.03.13"]
[Round "1"]
[White "Molina, Fabrizio"]
[Black "Sgnaolin, Davide"]
[Result "1-0"]
[WhiteElo "2305"]
[BlackElo "2209"]
[PlyCount "79"]
[EventDate "2009.03.13"]

1. Nf3 Nf6 2. g3 c5 3. c4 Nc6 4. Bg2 g6 5. d4 cxd4 6. Nxd4 Bg7 7. O-O O-O 8.
Nc3 Nxd4 9. Qxd4 d6 10. Qd2 a6 11. b3 Rb8 12. a4 Bd7 13. Bb2 Qa5 14. Rfd1 Rfe8
15. Ne4 Qxd2 16. Nxd2 Bc6 17. Nf3 Bxf3 18. Bxf3 Nd7 19. Bxg7 Kxg7 20. a5 Rec8
21. e4 Rc5 22. Be2 Ne5 23. Rdb1 Rc7 24. f4 Nc6 25. b4 Nd4 26. Bd3 Nf3+ 27. Kh1
f5 28. Rb2 Nd4 29. b5 axb5 30. cxb5 Rc3 31. Rd1 Ra3 32. Bc4 e5 33. exf5 gxf5
34. Ra2 Rxa2 35. Bxa2 Ra8 36. a6 bxa6 37. Bd5 Ra7 38. b6 Rd7 39. b7 Rd8 40. Rc1
1-0

[Event "I Torneo Internazionale A"]
[Site "Bergamo ITA"]
[Date "2009.03.13"]
[Round "1"]
[White "Napoli, Nicolo'"]
[Black "Astengo, Corrado"]
[Result "1/2-1/2"]
[WhiteElo "2313"]
[BlackElo "2218"]
[PlyCount "124"]
[EventDate "2009.03.13"]

1. g3 d5 2. Bg2 Nf6 3. c4 c6 4. Qa4 Nbd7 5. cxd5 Nb6 6. Qb3 cxd5 7. Nf3 e6 8.
O-O Bd6 9. d3 h6 10. Nc3 O-O 11. e4 dxe4 12. dxe4 e5 13. Rd1 Be6 14. Qc2 Qe7
15. Be3 Nc4 16. Nd5 Bxd5 17. exd5 Nxe3 18. fxe3 Ng4 19. Re1 Bc5 20. Qb3 e4 21.
Nd2 Qg5 22. Nf1 Qf5 23. Re2 Rad8 24. Rd1 Ne5 25. Qc2 Nd3 26. Bxe4 Qxe4 27. Qxd3
Qe5 28. Kg2 f5 29. Qc4 Bd6 30. Qd4 Qxd4 31. Rxd4 Bc5 32. Rd3 Rfe8 33. Rc2 b6
34. a3 a5 35. Rc4 Re4 36. Rxe4 fxe4 37. Rd1 Kf7 38. g4 Kf6 39. Nd2 Bxe3 40.
Nxe4+ Ke5 41. Nc3 Bd4 42. Re1+ Kf6 43. Ne4+ Kg6 44. d6 Bxb2 45. Rb1 Bxa3 46.
Rxb6 Rd7 47. Rb5 Kf7 48. g5 hxg5 49. Nxg5+ Kf6 50. Rxa5 Bxd6 51. h4 Bf4 52.
Ne4+ Kg6 53. Kf3 Bh6 54. Kg4 Rf7 55. Ra6+ Kh7 56. Nc5 Rf4+ 57. Kg3 Rb4 58. Rc6
Rc4 59. Kf3 Rf4+ 60. Kg3 Rc4 61. Kf3 Rf4+ 62. Kg3 Rc4 1/2-1/2

[Event "I Torneo Internazionale A"]
[Site "Bergamo ITA"]
[Date "2009.03.13"]
[Round "1"]
[White "Pirola, Andrea"]
[Black "Di Pietro, Davide"]
[Result "0-1"]
[WhiteElo "2140"]
[BlackElo "2074"]
[PlyCount "68"]
[EventDate "2009.03.13"]

1. d4 d5 2. Nf3 Nf6 3. Bf4 c6 4. Nbd2 Qb6 5. Rb1 Bf5 6. e3 e6 7. Nh4 Bg4 8. f3
Bh5 9. g4 Bg6 10. Nxg6 hxg6 11. Bd3 c5 12. c3 Bd6 13. Bxd6 Qxd6 14. f4 Rh3 15.
Qe2 Nc6 16. g5 Nd7 17. Nf3 O-O-O 18. O-O Rdh8 19. Bb5 f6 20. dxc5 Nxc5 21. c4
Ne7 22. Rbc1 Kb8 23. b4 Ne4 24. c5 Qc7 25. Bd3 Nf5 26. gxf6 gxf6 27. Bxe4 dxe4
28. Nd4 Rxe3 29. Qf2 Rd3 30. Nb5 Qc6 31. a4 e3 32. Qf3 Qxf3 33. Rxf3 a6 34. Nc3
Nd4 0-1

[Event "I Torneo Internazionale A"]
[Site "Bergamo ITA"]
[Date "2009.03.13"]
[Round "1"]
[White "Pulito, Alberto"]
[Black "Manca, Federico"]
[Result "0-1"]
[WhiteElo "2251"]
[BlackElo "2373"]
[PlyCount "82"]
[EventDate "2009.03.13"]

1. e4 e5 2. Nf3 Nc6 3. Bc4 Nf6 4. d3 d5 5. exd5 Nxd5 6. h3 Be7 7. O-O O-O 8.
Nc3 Nxc3 9. bxc3 Bf6 10. a4 Re8 11. Nd2 Be6 12. Rb1 Bxc4 13. Nxc4 b6 14. Qf3
Qd7 15. Re1 Rad8 16. Ba3 e4 17. Rxe4 Rxe4 18. Qxe4 Bxc3 19. Ne3 Nd4 20. Qe7 Qc8
21. Bb2 Re8 22. Qh4 Bxb2 23. Rxb2 Qd7 24. Ra2 h6 25. Ra1 Re6 26. Qg4 f5 27. Qh5
f4 28. Qd5 Qxd5 29. Nxd5 Nxc2 30. Ra2 Nd4 31. Nxc7 Re1+ 32. Kh2 Rd1 33. Nb5 Nf5
34. Nxa7 h5 35. a5 h4 36. g4 hxg3+ 37. fxg3 fxg3+ 38. Kg2 Rxd3 39. Ra4 Rd2+ 40.
Kf3 Rf2+ 41. Ke4 g2 0-1

[Event "I Torneo Internazionale A"]
[Site "Bergamo ITA"]
[Date "2009.03.13"]
[Round "1"]
[White "Ranfagni, Stefano"]
[Black "Astengo, Marcello"]
[Result "0-1"]
[WhiteElo "2041"]
[BlackElo "2123"]
[PlyCount "92"]
[EventDate "2009.03.13"]

1. e4 e6 2. d4 d5 3. Nd2 Nf6 4. e5 Ng8 5. Bd3 c5 6. c3 Nc6 7. Ne2 Qb6 8. Nf3
Bd7 9. O-O Rc8 10. Re1 Nge7 11. dxc5 Qxc5 12. Be3 Qa5 13. Ned4 Ng6 14. b4 Qc7
15. Nb5 Qb8 16. Nd6+ Bxd6 17. exd6 O-O 18. Ng5 Nce5 19. Bxg6 Nxg6 20. Qd3 Rc4
21. Bd4 Re8 22. h4 Qxd6 23. h5 Nf8 24. Ne4 Qf4 25. g3 Qh6 26. Nd6 Qxh5 27. Re5
Qh3 28. Qf3 f5 29. Nxc4 dxc4 30. Qxb7 Re7 31. Qg2 Qg4 32. f3 Qg6 33. Bxa7 Bc6
34. Bd4 Nd7 35. Ra5 e5 36. Bc5 Re8 37. Ra6 Re6 38. Be3 Qh5 39. Kf2 Bxf3 40.
Ra8+ Bxa8 41. Qxa8+ Kf7 42. Qd5 Nf6 43. Qf3 Ne4+ 44. Ke2 Nxg3+ 45. Kf2 Ne4+ 46.
Kg2 Rg6+ 0-1

[Event "I Torneo Internazionale A"]
[Site "Bergamo ITA"]
[Date "2009.03.13"]
[Round "1"]
[White "Reduzzi, Maurizio"]
[Black "Bozzali, Ermanno"]
[Result "1/2-1/2"]
[WhiteElo "2079"]
[BlackElo "2140"]
[PlyCount "115"]
[EventDate "2009.03.13"]

1. d4 e6 2. c4 f5 3. g3 Nf6 4. Bg2 d5 5. Nf3 c6 6. O-O Bd6 7. b3 Qe7 8. a4 Ne4
9. Ba3 O-O 10. Bxd6 Qxd6 11. Ne5 Nd7 12. Nxd7 Bxd7 13. f3 Nf6 14. c5 Qe7 15. f4
b6 16. Qc2 bxc5 17. Qxc5 Qxc5 18. dxc5 Rab8 19. Nd2 a5 20. Rac1 Rb4 21. e3 Rfb8
22. Bf3 Re8 23. Bd1 e5 24. Nf3 Ng4 25. Rc3 e4 26. Nd2 d4 27. exd4 e3 28. Bxg4
exd2 29. Bf3 Rxd4 30. Kf2 Re7 31. Re3 Kf8 32. Rxe7 Kxe7 33. Ke3 Rb4 34. Rb1 Be6
35. Kxd2 Kd7 36. Kc3 Bd5 37. Bxd5 cxd5 38. Rd1 Kc6 39. Rd4 Rb7 40. b4 axb4+ 41.
Rxb4 Re7 42. Rd4 Kxc5 43. Rd2 Re3+ 44. Kb2 h5 45. Rc2+ Kb4 46. Rd2 Kc4 47. Rc2+
Kb4 48. Rd2 g6 49. Rxd5 Re2+ 50. Kc1 Kxa4 51. Rd6 Rxh2 52. Rxg6 h4 53. gxh4
Rxh4 54. Kd2 Rxf4 55. Ke3 Rf1 56. Rf6 Kb4 57. Ke2 Rf4 58. Ke3 1/2-1/2

[Event "I Torneo Internazionale A"]
[Site "Bergamo ITA"]
[Date "2009.03.13"]
[Round "1"]
[White "Sbarra, Marco"]
[Black "Madiai, Federico"]
[Result "1-0"]
[WhiteElo "2191"]
[BlackElo "2091"]
[PlyCount "102"]
[EventDate "2009.03.13"]

1. d4 Nf6 2. c4 c6 3. Nc3 d5 4. e3 Bf5 5. cxd5 cxd5 6. Qb3 Qb6 7. Nxd5 Nxd5 8.
Qxd5 e6 9. Qb5+ Nd7 10. Nf3 a6 11. Qxb6 Nxb6 12. Be2 Rc8 13. O-O Bd6 14. Bd2
Rc2 15. Rab1 Ke7 16. Rfc1 Rhc8 17. Kf1 Rxd2 18. Nxd2 Bxb1 19. Rxc8 Nxc8 20.
Nxb1 Na7 21. Nd2 a5 22. h4 b6 23. Bf3 Bc7 24. Ke2 f5 25. Nc4 Nb5 26. Kd3 Nd6
27. Nd2 e5 28. Bd5 Kf6 29. Bg8 h6 30. dxe5+ Kxe5 31. f4+ Kf6 32. h5 b5 33. Bd5
Bb6 34. Nf3 Ba7 35. Ne5 Ne8 36. Nc6 Bb6 37. Nd4 Nd6 38. Bc6 b4 39. Bd5 Bc5 40.
Nf3 Ba7 41. Ne5 Nc8 42. Bc4 a4 43. Bd5 a3 44. bxa3 bxa3 45. Bf3 Ke6 46. g4 Nd6
47. gxf5+ Kxf5 48. Bg4+ Kf6 49. e4 Nb7 50. Nc6 Bc5 51. e5+ Kf7 1-0

[Event "I Torneo Internazionale A"]
[Site "Bergamo ITA"]
[Date "2009.03.13"]
[Round "1"]
[White "Stips, Felix"]
[Black "Logar, Metod"]
[Result "1-0"]
[WhiteElo "2152"]
[BlackElo "2081"]
[PlyCount "73"]
[EventDate "2009.03.13"]

1. Nf3 Nf6 2. c4 e6 3. Nc3 Bb4 4. Qc2 d5 5. a3 Bxc3 6. Qxc3 O-O 7. b4 Ne4 8.
Qc2 Nd7 9. d3 Nef6 10. Bb2 Re8 11. e4 dxe4 12. dxe4 e5 13. Rd1 Qe7 14. c5 c6
15. Bc4 Nh5 16. g3 Kh8 17. Qb3 Rf8 18. O-O f6 19. Rd6 b6 20. Qe3 a5 21. Rfd1
axb4 22. axb4 bxc5 23. bxc5 Ra5 24. Rxc6 Nb8 25. Rcd6 Qc7 26. Ba3 Bg4 27. Bd5
Qa7 28. Rd3 Na6 29. c6 Qb8 30. Be6 Bxf3 31. Qxf3 Rxa3 32. Qxh5 Rxd3 33. Rxd3 g6
34. Qg4 Nc5 35. Rd1 h5 36. Qxg6 Nxe6 37. Rd7 1-0

[Event "I Torneo Internazionale A"]
[Site "Bergamo ITA"]
[Date "2009.03.13"]
[Round "1"]
[White "Tocchioni, Doriano"]
[Black "Mazi, Leon"]
[Result "0-1"]
[WhiteElo "2264"]
[BlackElo "2377"]
[PlyCount "84"]
[EventDate "2009.03.13"]

1. d4 Nf6 2. Nf3 g6 3. Nc3 Bg7 4. e4 d6 5. h3 c6 6. Bd3 O-O 7. Bg5 Qa5 8. Qd2
e5 9. dxe5 dxe5 10. O-O Nbd7 11. a3 Re8 12. b4 Qc7 13. Nh2 Nf8 14. Ne2 Ne6 15.
Be3 Nh5 16. Rad1 Nhf4 17. Rfe1 Rd8 18. Bxf4 exf4 19. Nf3 b6 20. c3 c5 21. Qa2
Bb7 22. Qb1 Qe7 23. Bc4 Nc7 24. Bd5 Nxd5 25. exd5 cxb4 26. cxb4 Qf6 27. Qe4 Re8
28. Qc4 Rac8 29. Qb3 Rcd8 30. Rd2 Rd6 31. Red1 Red8 32. Qc4 g5 33. h4 h6 34.
Qe4 R8d7 35. b5 Qd8 36. hxg5 hxg5 37. Qf5 Bf6 38. Ne5 Bxe5 39. Qxe5 Rxd5 40.
Rxd5 Rxd5 41. Rxd5 Qxd5 42. Qxd5 Bxd5 0-1

[Event "I Torneo Internazionale A"]
[Site "Bergamo ITA"]
[Date "2009.03.13"]
[Round "1"]
[White "Tratar, Marko"]
[Black "Mrdja, Milan"]
[Result "1-0"]
[WhiteElo "2497"]
[BlackElo "2386"]
[PlyCount "87"]
[EventDate "2009.03.13"]

1. d4 Nf6 2. c4 c5 3. Nf3 cxd4 4. Nxd4 Nc6 5. Nc3 e6 6. a3 d6 7. e4 Be7 8. Be2
O-O 9. O-O a6 10. Be3 Bd7 11. Nb3 b6 12. f4 Rb8 13. Bf3 Qc7 14. Rc1 Na5 15. Nd2
Rfc8 16. b4 Nc6 17. Qe2 Qd8 18. Rfd1 e5 19. f5 b5 20. Qd3 h6 21. Nd5 Nxd5 22.
cxd5 Nd4 23. Nb3 Nxb3 24. Qxb3 Bg5 25. g3 a5 26. h4 Bxe3+ 27. Qxe3 axb4 28.
axb4 Rc4 29. Rb1 Rbc8 30. Be2 Rc3 31. Rd3 Rc2 32. Bd1 R2c4 33. Ra3 Qf6 34. Bf3
Qd8 35. Kh1 Ra8 36. Rxa8 Qxa8 37. f6 Qc8 38. fxg7 Kxg7 39. Rf1 Bh3 40. Rf2 Rc3
41. Qd2 Rc4 42. g4 Rd4 43. Qe3 Qc4 44. g5 1-0

[Event "I Torneo Internazionale A"]
[Site "Bergamo ITA"]
[Date "2009.03.13"]
[Round "1"]
[White "Valsecchi, Alessio"]
[Black "Iglesias Leon, Francisco Javier"]
[Result "1-0"]
[WhiteElo "2363"]
[BlackElo "2244"]
[PlyCount "92"]
[EventDate "2009.03.13"]

1. e4 d6 2. d4 Nf6 3. Nc3 c6 4. Nf3 Bg4 5. Be2 Nbd7 6. O-O e5 7. Be3 Be7 8. h3
Bh5 9. dxe5 dxe5 10. Nh4 Bxe2 11. Qxe2 g6 12. Rad1 b5 13. Bh6 Nh5 14. Nf5 Bf8
15. Nd6+ Bxd6 16. Rxd6 Qc7 17. Rfd1 O-O-O 18. Qg4 Rhe8 19. R1d3 a6 20. Bg5 f6
21. Be3 Nf4 22. Bxf4 exf4 23. Qxf4 Ne5 24. Qxf6 Rxd6 25. Rxd6 Kb7 26. Rd1 Re7
27. b3 g5 28. Qd6 a5 29. Qxc7+ Kxc7 30. Ne2 Kb6 31. Ng3 Kc5 32. c3 Rd7 33. Rxd7
Nxd7 34. Nf5 b4 35. cxb4+ Kxb4 36. Nd4 c5 37. Nc6+ Kb5 38. Nd8 Kb4 39. Nb7 a4
40. Kh2 axb3 41. axb3 Kxb3 42. Kg3 Kb4 43. Nd6 c4 44. Nf5 c3 45. Ne3 Ne5 46. f4
gxf4+ 1-0

[Event "I Torneo Internazionale A"]
[Site "Bergamo ITA"]
[Date "2009.03.13"]
[Round "1"]
[White "Vezzosi, Paolo"]
[Black "Arutyunova, Diana"]
[Result "1-0"]
[WhiteElo "2374"]
[BlackElo "2261"]
[PlyCount "109"]
[EventDate "2009.03.13"]

1. d4 e6 2. Nf3 f5 3. g3 Nf6 4. Bg2 Be7 5. c4 O-O 6. O-O d6 7. b3 Ne4 8. Bb2
Bf6 9. Nbd2 Nc6 10. Nxe4 fxe4 11. Ne1 d5 12. Nc2 Na5 13. Ne3 c5 14. cxd5 exd5
15. Rc1 b6 16. Qd2 Bb7 17. Bh3 Kh8 18. dxc5 d4 19. Ng2 Nc6 20. Qd1 d3 21. Bxf6
Qxf6 22. Nf4 dxe2 23. Qxe2 Nd4 24. Qe3 Nf3+ 25. Kg2 Rad8 26. Bg4 Qh6 27. h3 Ne5
28. c6 Bxc6 29. Kg1 Bb5 30. Rfd1 Rxd1+ 31. Bxd1 Nd3 32. Rc7 Nxf4 33. Qxf4 Qxf4
34. gxf4 h6 35. Rxa7 Rxf4 36. Bh5 Kh7 37. Re7 Bd3 38. Re6 Rf6 39. Rxf6 gxf6 40.
Kg2 Kg7 41. Kg3 f5 42. Kf4 Kf6 43. Be8 Bb1 44. a3 Ke6 45. h4 Ke7 46. Bb5 Kf6
47. b4 Kg6 48. Be8+ Kf6 49. Bd7 Bc2 50. a4 Bb3 51. a5 bxa5 52. bxa5 Bc4 53.
Bxf5 Be6 54. Bxe4 h5 55. Ke3 1-0

[Event "I Torneo Internazionale A"]
[Site "Bergamo ITA"]
[Date "2009.03.13"]
[Round "1"]
[White "Vincenzi, Marco"]
[Black "Bellavita, Guido"]
[Result "1/2-1/2"]
[WhiteElo "2130"]
[BlackElo "2060"]
[PlyCount "51"]
[EventDate "2009.03.13"]

1. e4 c6 2. d4 d5 3. Nc3 dxe4 4. Nxe4 Bf5 5. Ng3 Bg6 6. Nf3 Nd7 7. h4 h6 8. h5
Bh7 9. Bd3 Bxd3 10. Qxd3 e6 11. Bd2 Ngf6 12. Qe2 Be7 13. O-O-O Qc7 14. Kb1 O-O
15. Nf5 exf5 16. Qxe7 Rfe8 17. Qa3 Ng4 18. Rhf1 Ndf6 19. Ne5 Nxh5 20. Qh3 Nhf6
21. Bf4 Nd5 22. Bg3 Qb6 23. Rd3 Nb4 24. Rdd1 Nd5 25. Rd3 Nb4 26. Rdd1 1/2-1/2

[Event "I Torneo Internazionale A"]
[Site "Bergamo ITA"]
[Date "2009.03.13"]
[Round "1"]
[White "Vuelban, Virgilio"]
[Black "Petkov, Vladimir"]
[Result "0-1"]
[WhiteElo "2411"]
[BlackElo "2504"]
[PlyCount "136"]
[EventDate "2009.03.13"]

1. e4 e5 2. Nf3 Nc6 3. Bb5 Nf6 4. O-O Nxe4 5. d4 Nd6 6. Bxc6 dxc6 7. dxe5 Nf5
8. Qxd8+ Kxd8 9. Nc3 Ke8 10. h3 b6 11. Ne4 Be6 12. b3 a5 13. a4 Rd8 14. Bb2 Bd5
15. Rfe1 Bb4 16. Re2 h5 17. Nfg5 Be6 18. g4 hxg4 19. hxg4 Nd4 20. Bxd4 Rxd4 21.
Nxe6 fxe6 22. Kg2 Be7 23. f4 g6 24. Rf1 b5 25. Ra1 Rf8 26. Kg3 bxa4 27. Rxa4
Bb4 28. Nf6+ Ke7 29. Rh2 c5 30. Kf3 c4 31. Ke3 c5 32. Ne4 cxb3 33. cxb3 Rd1 34.
Rh7+ Rf7 35. Rxf7+ Kxf7 36. Nd6+ Kg7 37. Nc4 Rd4 38. Ra2 g5 39. f5 Rxg4 40. f6+
Kg6 41. Rf2 Kf7 42. Nd6+ Kf8 43. Rh2 Rh4 44. Rxh4 gxh4 45. Kf4 Bc3 46. Nc4 Kf7
47. Kg4 Be1 48. Nd6+ Kg6 49. Nc4 Bg3 50. Kf3 Kf7 51. Kg4 Be1 52. Nd6+ Kg6 53.
Nc4 Bg3 54. Kf3 Bxe5 55. Nxe5+ Kxf6 56. Nd7+ Kf5 57. Nxc5 e5 58. Ne4 Ke6 59.
Ke3 Kd5 60. Kd3 h3 61. Nf6+ Kc5 62. Ng4 Kb4 63. Kc2 e4 64. Kb2 e3 65. Kc2 e2
66. Kd2 Kxb3 67. Kxe2 a4 68. Kf3 a3 0-1

[Event "I Torneo Internazionale A"]
[Site "Bergamo ITA"]
[Date "2009.03.13"]
[Round "1"]
[White "Zelcic, Robert"]
[Black "Zaja, Ivan"]
[Result "1-0"]
[WhiteElo "2569"]
[BlackElo "2447"]
[PlyCount "71"]
[EventDate "2009.03.13"]

1. e4 e6 2. d4 d5 3. Nc3 Bb4 4. e5 b6 5. Qg4 Bf8 6. Bd2 Ba6 7. Nb5 h5 8. Qg3
Nh6 9. Qc3 c6 10. Nd6+ Bxd6 11. Bxa6 Qd7 12. Be2 Be7 13. Bxh5 c5 14. Be2 Nf5
15. Nf3 Nc6 16. dxc5 bxc5 17. Bb5 Rb8 18. a4 Qb7 19. g4 a6 20. gxf5 axb5 21.
Rg1 Nb4 22. fxe6 fxe6 23. Rxg7 d4 24. Qb3 Qe4+ 25. Kf1 Qxc2 26. Qxe6 Qc4+ 27.
Qxc4 bxc4 28. a5 Na6 29. Bc1 Rb3 30. Kg2 c3 31. bxc3 Rxc3 32. Bg5 Bxg5 33. Nxg5
d3 34. Ne4 Rc2 35. e6 Kf8 36. Rf7+ 1-0

[Event "I Torneo Internazionale A"]
[Site "Bergamo ITA"]
[Date "2009.03.13"]
[Round "1"]
[White "Zinani, Alessandro"]
[Black "Rombaldoni, Axel"]
[Result "0-1"]
[WhiteElo "2211"]
[BlackElo "2309"]
[PlyCount "80"]
[EventDate "2009.03.13"]

1. d4 d5 2. Nf3 e6 3. Bg5 f6 4. Bf4 Ne7 5. e3 c5 6. c3 Qb6 7. Qc2 Nbc6 8. Nbd2
cxd4 9. exd4 Ng6 10. Bg3 e5 11. dxe5 fxe5 12. Qb3 Qxb3 13. Nxb3 Bg4 14. Be2 Be7
15. h3 Bf5 16. Bb5 O-O 17. Rd1 Be4 18. Nbd2 Bc2 19. Rc1 Bf5 20. O-O e4 21. Bxc6
bxc6 22. Nd4 Bd7 23. b4 c5 24. bxc5 Bxc5 25. Rfd1 Nf4 26. Bxf4 Rxf4 27. Nf1
Raf8 28. Rd2 Be7 29. Ne3 Bg5 30. Ndc2 Be6 31. Rcd1 R4f7 32. Nd4 Rxf2 33. Nxe6
Bxe3 34. Rxf2 Rxf2 35. Kh1 Bd2 36. Kg1 e3 37. Rb1 Bxc3 38. Rb8+ Kf7 39. Ng5+
Kg6 40. Nf3 Rxf3 0-1

[Event "I Torneo Internazionale A"]
[Site "Bergamo ITA"]
[Date "2009.03.14"]
[Round "2"]
[White "Arutyunova, Diana"]
[Black "Vincenzi, Marco"]
[Result "1-0"]
[WhiteElo "2261"]
[BlackElo "2130"]
[PlyCount "69"]
[EventDate "2009.03.13"]

1. e4 c5 2. Nf3 d6 3. d4 cxd4 4. Nxd4 Nf6 5. Nc3 Nc6 6. Be3 Ng4 7. Bg5 Qb6 8.
Bb5 Bd7 9. O-O Qxd4 10. Bxc6 Qxd1 11. Bxd7+ Kxd7 12. Raxd1 h6 13. Bc1 g5 14.
Ne2 Bg7 15. c4 Rac8 16. b3 b5 17. cxb5 Rc2 18. Rd2 Rhc8 19. Rfd1 Ne5 20. Rxc2
Rxc2 21. Rd2 Rc7 22. f3 Ng6 23. Bb2 Bxb2 24. Rxb2 Ne5 25. Rd2 h5 26. Kf2 h4 27.
Ke3 f6 28. h3 Kc8 29. Rd1 Kb7 30. Rc1 Rc5 31. a4 Kb6 32. Kd4 e6 33. b4 Rxc1 34.
Nxc1 Ng6 35. Nd3 1-0

[Event "I Torneo Internazionale A"]
[Site "Bergamo ITA"]
[Date "2009.03.14"]
[Round "2"]
[White "Astengo, Corrado"]
[Black "Andres Gonzalez, Alberto"]
[Result "0-1"]
[WhiteElo "2218"]
[BlackElo "2476"]
[PlyCount "150"]
[EventDate "2009.03.13"]

1. e4 c5 2. Nf3 e6 3. d3 Nc6 4. g3 d5 5. Nbd2 g6 6. Bg2 Bg7 7. h4 h6 8. O-O
Nge7 9. Re1 b6 10. Nf1 Bb7 11. c3 d4 12. c4 e5 13. h5 Qd6 14. Bh3 O-O 15. N1h2
Kh7 16. Nh4 Bf6 17. Ng2 Rg8 18. Ng4 Bg7 19. Nh4 Bc8 20. Kg2 Be6 21. hxg6+ fxg6
22. Rh1 Rh8 23. f4 Raf8 24. Nf3 Bxg4 25. Bxg4 Kg8 26. fxe5 Nxe5 27. Nxe5 Qxe5
28. Bf4 Rxf4 29. gxf4 Qxf4 30. Qf3 Qg5 31. Qg3 Kh7 32. Raf1 Nc6 33. Qf4 Qxf4
34. Rxf4 Ne5 35. Be2 Re8 36. Rhf1 h5 37. Rh1 Kh6 38. Rh3 Re6 39. Rf1 Bf6 40.
Rfh1 Bg5 41. Rf1 Kg7 42. Rg3 Bh4 43. Rh3 Be7 44. Rfh1 Bg5 45. Rf1 Re8 46. Rg3
Kh6 47. Rh3 a6 48. Rhh1 Rb8 49. Rb1 Be7 50. Rhf1 Kg7 51. Kh3 Nf7 52. Rf2 Ng5+
53. Kh2 Bd6+ 54. Kh1 Nh3 55. Rg2 Nf4 56. Rh2 Rf8 57. Rg1 Kh6 58. Re1 Be5 59.
Rf1 Rf6 60. Rb1 Ne6 61. Rg2 Rf4 62. Kg1 Rh4 63. Rf1 Nf4 64. Rf3 Nxg2 65. Kxg2
Rh2+ 66. Kf1 Kg7 67. Rf2 Rxf2+ 68. Kxf2 Kh6 69. Kg2 g5 70. Bd1 g4 71. Ba4 h4
72. Bd7 h3+ 73. Kh1 Kg5 74. a3 Kh4 75. b4 g3 0-1